Текст томруулах:    
The Closing of the American mind (Бичлэгийн дугаар. 146440)
000 -УДИРДЛАГА
Удирдлага 00730nam a22002537a 4500
003 - ХЯНАЛТЫН ТОО ТОДОРХОЙЛОГЧ
Код MN-UlNUM
005 - БИЧИЛТ ХИЙСЭН ОГНОО
Тухайн бичилтийг бичсэн засварласан сүүлийн огноо 20260311180418.0
008 - ЕРӨНХИЙ МЭДЭЭЛЭЛ
Ерөнхий мэдээлэл 260311s1987 nyu 001 0 eng
020 ## - ISBN
ISBN 0671479903
-- 0671479909
040 ## - БИЧЛЭГ ҮҮСГЭГЧ БАЙГУУЛЛАГА
Бичлэг үүсгэгч номын сангийн код МУИС-ийн номын сан
084 ## - ББК АНГИЛАЛ
Нэмэлт тусгалт Нэг сэдэвт бүтээл
ББК ангилал 71.05
Зохиогчийн гурван тэмдэгт E 54
Мэдлэгийн ялгаа 71 - Соёл
100 ## - ЗОХИОГЧ
Зохиогчийн нэр Bloom, Allan
245 ## - ҮНДСЭН ГАРЧИГ
Номын нэр The Closing of the American mind
Бага гарчгийн мэдээ how higher education has failed democracy and impoverished the souls of today's students
260 ## - ГАРАЛТЫН МЭДЭЭ
Хэвлэгдсэн газар New York
Хэвлэлийн газар Simon and Schuster
Хэвлэгдсэн он 1987
300 ## - МАТЕРИАЛЫН ТОДОРХОЙЛОЛТ
хуудасны тоо 392 p. ;
Хэмжээ 25 cm
500 ## - Тайлбар
Дансны дугаар БС 4451
546 ## - ХЭЛНИЙ ТУХАЙ МЭДЭЭ
Хэл Англи хэл дээр,
653 ## - Түлхүүр үг
Түлхүүр үг education
653 ## - Түлхүүр үг
Түлхүүр үг humanistic
653 ## - Түлхүүр үг
Түлхүүр үг political aspects
942 ## - ЭЛЕМЕНТИЙН ТӨРӨЛ
Зүйлийн төрөл Ном